| 000 | 00528nam a22001817a 4500 | ||
|---|---|---|---|
| 005 | 20240130095822.0 | ||
| 008 | 240130b |||||||| |||| 00| 0 eng d | ||
| 020 | _a070211426 X | ||
| 041 | _aEnglish | ||
| 082 | _a346.3 BOB | ||
| 100 |
_aBoberg, PQR _lEnglish |
||
| 245 |
_aThe Law of Delict / _cPQR Boberg |
||
| 250 | _aFirst Edition | ||
| 260 |
_aCape Town : _bJuta and Company Ltd, _c1984 |
||
| 300 |
_blvi, 902 pages ; _c26 cm. |
||
| 650 |
_aLegal practice _bLaw |
||
| 942 |
_cBK _6ALISON_BN_VRIES |
||
| 999 |
_c1296 _d1296 |
||